| 000 | | | 04316nmc2a2200000 x 450 |
| 001 | | | e36944d7-8b2b-4e48-b6b5-2e553dea8065 |
| 005 | | | 20151231093905.0 |
| 100 | ## | $a | 20150406l18441845k l0rusy0189 ca |
| 101 | 0# | $a | rus |
| 102 | ## | $a | RU |
| 200 | 1# | $a | Дело о разрешении ввести в качестве руководства в гимназиях книгу "Космография, или учение в составе вселенной", изданную адъюнктом Ришельевского лицея В.В. Петровским |
| | $j | 8 ноября 1844 г. - 11 января 1845 г. |
| 251 | ## | $c | Дело |
| 300 | ## | $a | Дело |
| 300 | ## | $a | Ориг. заголовок дела: Дело по представлению управляющего округом, о введении изданную адъюнктом Ришельевского лицея В.В. Петровским книги "Космография или учение в составе вселенной" в руководство по гимназиям по Одесского учебного округа. 8 ноября 1844 г. - 11 января 1845 г |
| 801 | #0 | $a | RU |
| | $b | РГИА |
| | $c | 20150406 |
| | $g | RCR |
| 801 | #1 | $a | RU |
| | $b | ГлавНИВЦ |
| | $c | 20150406 |
| | $2 | rusmarc |
| 801 | #2 | $a | RU |
| | $b | ПБ им. Б.Н. Ельцина |
| | $c | 20151231 |
| | $g | RCR |
| | $2 | rusmarc |
| 850 | ## | $a | РГИА |
| 852 | ## | $a | РГИА |
| | $e | Федеральное казенное учреждение "Российский государственный исторический архив" (РГИА) |
| | $j | 454 |
| 937 | ## | $h | РГИА |
| | $d | 11184909 |
| | $a | ASBIBLIO_SCAN |
| 462 | #0 | $1 | 00165017f8a-b75a-4d3a-8a61-4c89707b4ecc |
| | $1 | 2001 |
| | $a | Дела Департамента народного просвещения по Одесскому учебному округу |
| | $1 | 251 |
| | $c | Опись |
| | $1 | 852 |
| | $j | 78 |
| 461 | #0 | $1 | 001a74412a3-3cc5-4d21-8f0a-dfe2fbd9e72d |
| | $1 | 2001 |
| | $a | Департамент народного просвещения Министерства народного просвещения |
| | $1 | 251 |
| | $c | Фонд |
| | $1 | 852 |
| | $j | 733 |
| 215 | ## | $a | 6 л. |
| | $d | 36,5х26 см |
| 371 | ## | $a | Документ не является опубликованным и широко распространяемым |
| 105 | ## | $a | у### |
| 122 | 2# | $a | d |
| 517 | 1# | $a | Дело по представлению управляющего округом, о введении изданную адъюнктом Ришельевского лицея В.В. Петровским книги "Космография или учение в составе вселенной" в руководство по гимназиям по Одесского учебного округа. 8 ноября 1844 г. - 11 января 1845 г |
| 035 | ## | $a | e36944d7-8b2b-4e48-b6b5-2e553dea8065 |